01018nam a2200205 a 450000100100000000500170001000800410002704000250006808200220009311000920011524500910020725000110029826000370030930000410034650400270038795201350041495201200054995201260066999900170079500004408320201002045133.0140515s2010 dr ac 000 0 spa d aDO-SdBNPbspacBNPHU axxxxbR426m, 20101 aRepública DominicanabInstituto de Formación Técnico Profesional (INFOTEP)97207910aManual para implementación sostenible de las 5s /cpresentación Josefina Pimentel. a2a ed. aSanto Domingo :bINFOTEP,c2010. a39, [19] p. :bil., retrs. ;c29 cm. aBibliografía : p. 39 001054708DSaGRbGRcCTd2014-05-15iLF1l0oxxxx R426m, 2010p44083-30r2020-06-25te. 3w2020-06-25yLFDSZPréstamo en sala 0010718PDaPDbPDcCTd2014-05-15iLF1l0oxxxx R426m, 2010p44083-10r2020-06-25w2020-06-25yLFPDZNo se presta 0010718PDaPDbPDcCTd2014-05-15iLF1l0oxxxx R426m, 2010p44083-20r2020-06-25te. 2w2020-06-25yLFPDZNo se presta c43572d43572